[Event "Ceske Budejovice op-A"]
[Site "Ceske Budejovice"]
[Date "2023.07.08"]
[Round "8"]
[White "Lutz, Rene"]
[Black "Wiley, Tom E"]
[Result "1/2-1/2"]
[WhiteElo "2005"]
[BlackElo "2143"]
[PlyCount "59"]
[EventDate "2023.07.01"]
[EventType "swiss"]
[EventRounds "9"]
[EventCountry "CZE"]
[SourceTitle "CBM 215 Extra"]
[Source "ChessBase"]
[SourceDate "2023.09.30"]
[SourceVersion "1"]
[SourceVersionDate "2023.09.30"]
[SourceQuality "1"]

1. d4 Nf6 2. c4 e6 3. f3 Bb4+ 4. Nc3 0-0 5. e4 d5 6. cxd5 exd5 7. e5 Nfd7 8. f4 c5 9. a3 Ba5 10. Be3 cxd4 11. Bxd4 Nc6 12. Nf3 Bxc3+ 13. Bxc3 Nc5 14. Be2 Bf5 15. 0-0 Ne6 16. Qd2 d4 17. Bb4 Nxb4 18. axb4 d3 19. Bd1 Qe7 20. h3 h5 21. Ne1 h4 22. Nxd3 Rfd8 23. Ra3 Rd4 24. Bg4 Bxd3 25. Rxd3 Rxd3 26. Qxd3 Qxb4 27. Bxe6 Qb6+ 28. Kh1 Qxe6 29. Qd4 Qf5 30. Qf2 1/2-1/2

[Event "Rheinland Pfalz op 13th"]
[Site "Engers"]
[Date "2023.06.10"]
[Round "5"]
[White "Hinrichs, Paul"]
[Black "Wiley, Tom E"]
[Result "0-1"]
[WhiteElo "2210"]
[BlackElo "2126"]
[PlyCount "108"]
[EventDate "2023.06.08"]
[EventType "swiss"]
[EventRounds "7"]
[EventCountry "GER"]
[SourceTitle "CBM 214 Extra"]
[Source "ChessBase"]
[SourceDate "2023.07.31"]
[SourceVersion "1"]
[SourceVersionDate "2023.07.31"]
[SourceQuality "1"]

1. d4 Nf6 2. c4 e6 3. Nc3 Bb4 4. e3 0-0 5. Bd3 d5 6. Nf3 dxc4 7. Bxc4 c5 8. 0-0 Nbd7 9. Qe2 b6 10. Rd1 Bb7 11. d5 exd5 12. Nxd5 Nxd5 13. Bxd5 Bxd5 14. Rxd5 Qe7 15. a3 Ba5 16. e4 Nf6 17. Re5 Qb7 18. Rb1 b5 19. Rxc5 a6 20. e5 Bb6 21. Rc2 Ng4 22. Qe1 Rae8 23. Re2 f6 24. exf6 Bxf2+ 25. Qxf2 Nxf2 26. Rxf2 Rxf6 27. Bd2 Rfe6 28. Bc3 Re2 29. Rd1 Qb6 30. Bd4 Qg6 31. Bc3 Rxf2 32. Kxf2 Qf5 33. h3 h6 34. Kf1 Re3 35. Rd2 Rxc3 36. bxc3 Qc5 37. Rd8+ Kh7 38. Ra8 Qxa3 39. h4 Qxc3 40. Rxa6 b4 41. Rb6 Qd3+ 42. Kf2 b3 43. Rb7 Qc2+ 44. Ke3 b2 45. Nd2 Qc3+ 46. Ke2 Qc6 47. Rxb2 Qxg2+ 48. Ke3 Qg1+ 49. Ke2 Qh2+ 50. Kf1 Qf4+ 51. Kg2 Qd4 52. Rc2 Qg4+ 53. Kh2 Qxh4+ 54. Kg2 Qg5+ 0-1

[Event "Bremen Silvester op-A"]
[Site "Bremen"]
[Date "2022.12.29"]
[Round "6"]
[White "Pautz, Peter"]
[Black "Wiley, Tom E"]
[Result "1-0"]
[WhiteElo "1991"]
[BlackElo "2125"]
[PlyCount "57"]
[EventDate "2022.12.27"]
[EventType "swiss"]
[EventRounds "7"]
[EventCountry "GER"]
[SourceTitle "CBM 211 Extra"]
[Source "ChessBase"]
[SourceDate "2023.01.31"]
[SourceVersion "1"]
[SourceVersionDate "2023.01.31"]
[SourceQuality "1"]

1. d4 f5 2. Bg5 g6 3. Nc3 Bg7 4. e4 fxe4 5. Nxe4 d5 6. Nc5 b6 7. Nb3 Nh6 8. Qd2 Nf7 9. Be3 Nd7 10. Nf3 Bb7 11. h4 Nf6 12. Bb5+ c6 13. Bd3 Qd7 14. Qe2 0-0-0 15. a4 Ng4 16. a5 Nxe3 17. fxe3 e5 18. Ba6 exd4 19. axb6 axb6 20. Nfxd4 Nd6 21. Bxb7+ Qxb7 22. Qg4+ Kb8 23. 0-0 Bh6 24. Qg3 Rd7 25. Rf6 Bf8 26. Ne6 Be7 27. Rf4 Re8 28. Nbc5 Qc8 29. Rfa4 1-0

[Event "Olomouc IM2 23rd"]
[Site "Olomouc"]
[Date "2022.08.20"]
[Round "9"]
[White "Wiley, Tom E"]
[Black "Mannion, Stephen R"]
[Result "1/2-1/2"]
[WhiteElo "2169"]
[BlackElo "2232"]
[PlyCount "47"]
[EventDate "2022.08.13"]
[EventType "tourn"]
[EventRounds "9"]
[EventCountry "CZE"]
[SourceTitle "CBM 209 Extra"]
[Source "ChessBase"]
[SourceDate "2022.09.30"]
[SourceVersion "1"]
[SourceVersionDate "2022.09.30"]
[SourceQuality "1"]

1. d4 d5 2. c4 dxc4 3. Nf3 Nf6 4. e3 e6 5. Bxc4 c5 6. 0-0 a6 7. dxc5 Bxc5 8. Qxd8+ Kxd8 9. Ne5 Ke7 10. Be2 Nbd7 11. Nc4 b6 12. Nbd2 a5 13. Nb3 Ba6 14. Nxc5 bxc5 15. f3 Rhb8 16. Rf2 a4 17. e4 Rb4 18. Na3 Ne5 19. Bf4 Nfd7 20. Bd2 Rb7 21. Bc3 f6 22. Rd1 Bxe2 23. Rxe2 Nc6 24. Nc4 1/2-1/2

[Event "Prague op"]
[Site "Prague"]
[Date "2020.02.19"]
[Round "6"]
[White "Wiley, Tom E"]
[Black "Pacan Milej, Kosma"]
[Result "0-1"]
[WhiteElo "2157"]
[BlackElo "2327"]
[PlyCount "100"]
[EventDate "2020.02.14"]
[EventType "swiss"]
[EventRounds "9"]
[EventCountry "CZE"]
[SourceTitle "CBM 195 Extra"]
[Source "ChessBase"]
[SourceDate "2020.05.31"]
[SourceVersion "1"]
[SourceVersionDate "2020.05.31"]
[SourceQuality "1"]

1. d4 f5 2. g3 Nf6 3. Nf3 g6 4. c4 Bg7 5. b4 0-0 6. Bb2 d6 7. Qc2 e6 8. Bg2 Qe7 9. 0-0 Nc6 10. b5 Nd8 11. Nbd2 Nf7 12. e4 e5 13. dxe5 dxe5 14. exf5 Bxf5 15. Qb3 Rfd8 16. Bc3 e4 17. Nd4 Ng4 18. Nxf5 gxf5 19. Bxg7 Kxg7 20. Qb2+ Qe5 21. Rab1 Qxb2 22. Rxb2 Nfe5 23. Nb3 Nd3 24. Rc2 a5 25. h3 Nge5 26. g4 a4 27. Nc1 fxg4 28. Bxe4 Nc5 29. Bd5 gxh3 30. Kh2 Rf8 31. Kxh3 Ng6 32. Ne2 Rae8 33. Kg3 h5 34. Ng1 Rf4 35. Bf3 h4+ 36. Kg2 Rf6 37. Ne2 Rd6 38. Nc3 c6 39. bxc6 bxc6 40. Kh2 Ne5 41. Bg2 Rd3 42. Nd1 h3 43. Bh1 Ng4+ 44. Kg1 Red8 45. Ne3 h2+ 46. Kg2 Rxe3 47. fxe3 Nxe3+ 48. Kxh2 Nxf1+ 49. Kg1 Ne3 50. Rc1 Rd6 0-1

[Event "Prague op-A 19th"]
[Site "Prague"]
[Date "2020.01.13"]
[Round "5"]
[White "Skurniak, Szymon"]
[Black "Wiley, Tom E"]
[Result "0-1"]
[WhiteElo "2030"]
[BlackElo "2170"]
[PlyCount "66"]
[EventDate "2020.01.10"]
[EventType "swiss"]
[EventRounds "9"]
[EventCountry "CZE"]
[SourceTitle "CBM 195 Extra"]
[Source "ChessBase"]
[SourceDate "2020.05.31"]
[SourceVersion "1"]
[SourceVersionDate "2020.05.31"]
[SourceQuality "1"]

1. e4 e6 2. d4 d5 3. Bd3 dxe4 4. Bxe4 Nf6 5. Bf3 c5 6. Ne2 Nc6 7. Be3 cxd4 8. Nxd4 Ne5 9. 0-0 Be7 10. Nc3 0-0 11. Be2 Bd7 12. h3 a6 13. Nf3 Nxf3+ 14. Bxf3 Qc7 15. Qd4 Bc6 16. Qc4 Rac8 17. Bxc6 Qxc6 18. Qxc6 Rxc6 19. Rfd1 Bb4 20. Bd4 Bxc3 21. Bxc3 Nd5 22. Rd3 b5 23. Rc1 Rfc8 24. Bd4 Rxc2 25. Rxc2 Rxc2 26. Ra3 Rc6 27. g3 f6 28. f4 h5 29. Kf2 h4 30. Kf3 hxg3 31. Kxg3 Kf7 32. Kg4 Rc4 33. Rd3 Nxf4 0-1